[Event "Alma-Ata m1"]
[Site "Alma Ata KAZ"]
[Date "1995.??.??"]
[Round "?"]
[White "Salov, Valery B"]
[Black "Karpov, Anatoly"]
[Result "1/2-1/2"]
[WhiteElo "2715"]
[BlackElo "2765"]
[PlyCount "89"]
[EventDate "1995.??.??"]
[Source "www.chesslib.no"]
[SourceDate "2004.05.04"]

1. e4 c6 2. d4 d5 3. exd5 cxd5 4. c4 Nf6 5. Nc3 e6 6. Nf3 Bb4 7. Qb3 Nc6 8. Bd3 dxc4 9. Bxc4 Be7 10. Be3 O-O 11. Bb5 Bd7 12. O-O Na5 13. Qa4 Bxb5 14. Qxb5 a6 15. Qe2 Rc8 16. Rad1 Nd5 17. Nxd5 Qxd5 18. b3 Nc6 19. Qc4 Rfd8 20. Qxd5 Rxd5 21. Rc1 Rcd8 22. Rc4 f6 23. g3 Kf7 24. Rfc1 R8d7 25. Kf1 h5 26. h4 Bd8 27. Ke2 Bb6 28. a3 Kg6 29. b4 Kf5 30. a4 Nxd4+ 31. Nxd4+ Bxd4 32. Bxd4 Rxd4 33. Ke3 Rd3+ 34. Ke2 Rd2+ 35. Kf3 R7d3+ 36. Kg2 e5 37. R4c2 Rxc2 38. Rxc2 Rd7 39. b5 axb5 40. axb5 g6 41. Kf3 Rd5 42. b6 Rb5 43. Ke3 Rb3+ 44. Ke2 Rxb6 45. Rc8 1/2-1/2

[Event "Sibenik"]
[Site "?"]
[Date "2006.09.25"]
[Round "4.4"]
[White "Smirin Ilia"]
[Black "Nisipeanu Liviu-Dieter"]
[Result "1/2-1/2"]
[WhiteElo "2659"]
[BlackElo "2696"]
[PlyCount "51"]
[EventDate "2006.??.??"]
[Source "www.chesslib.no"]
[SourceDate "2004.05.04"]

1. e4 c6 2. d4 d5 3. exd5 cxd5 4. c4 Nf6 5. Nc3 e6 6. Nf3 Bb4 7. cxd5 Nxd5 8. Bd2 Nc6 9. Bd3 O-O 10. O-O Be7 11. Qe2 Nf6 12. Ne4 Nxe4 13. Bxe4 Bf6 14. Rfd1 Nxd4 15. Nxd4 Bxd4 16. Bb4 Re8 17. Bxh7+ Kxh7 18. Qe4+ Kg8 19. Rxd4 Qf6 20. Bc3 e5 21. Rd2 Qf5 22. Qd5 e4 23. Re1 Qxd5 24. Rxd5 f6 25. Rc5 Bd7 26. h3 1/2-1/2

[Event "Corr"]
[Site "?"]
[Date "2002.01.15"]
[Round "?"]
[White "Van Oosterom Joop"]
[Black "Hamarat Tunc"]
[Result "1-0"]
[WhiteElo "2714"]
[BlackElo "2640"]
[PlyCount "85"]
[EventDate "2002.??.??"]
[Source "www.chesslib.no"]
[SourceDate "2004.05.04"]

1. Nf3 Nf6 2. c4 c5 3. Nc3 d5 4. cxd5 Nxd5 5. e3 e6 6. d4 cxd4 7. exd4 Bb4 8. Bd2 Nc6 9. Bd3 O-O 10. Qc2 Nf6 11. a3 Be7 12. Be3 Bd7 13. O-O Rc8 14. Rfe1 a6 15. Rad1 Qa5 16. Ne5 Rcd8 17. Nc4 Qh5 18. Be2 Qh4 19. Bf3 Rfe8 20. Qe2 Bf8 21. g3 Qh3 22. Ne5 h5 23. Bg5 Qf5 24. h4 Be7 25. Bxf6 gxf6 26. Nxd7 Rxd7 27. d5 Ne5 28. Bxh5 Kg7 29. dxe6 Rxd1 30. Rxd1 Rh8 31. Nd5 Qxh5 32. Qxh5 Rxh5 33. Nxe7 fxe6 34. Rc1 Nd3 35. Rc7 Rc5 36. Nf5+ Kg6 37. Rxc5 Nxc5 38. Nd6 b5 39. Kf1 f5 40. Ke2 Na4 41. b3 Nc5 42. b4 Nd7 43. Ke3 1-0

[Event "Camp. russo a squadre 2007"]
[Site "Sochi RUS"]
[Date "2007.05.07"]
[Round "6"]
[White "Jakovenko, D."]
[Black "Khenkin, I."]
[Result "1/2-1/2"]
[WhiteElo "2708"]
[BlackElo "2629"]
[PlyCount "35"]
[EventDate "2007.05.02"]
[Source "www.chesslib.no"]
[SourceDate "2004.05.04"]

1. e4 c6 2. d4 d5 3. exd5 cxd5 4. c4 Nf6 5. Nc3 Nc6 6. Bg5 e6 7. Nf3 Be7 8. c5 O-O 9. Bb5 Ne4 10. Bxe7 Nxe7 11. Rc1 b6 12. Bd3 f5 13. b4 a5 14. Na4 axb4 15. Nxb6 Rxa2 16. O-O Ba6 17. Bxa6 Rxa6 18. Ne5 1/2-1/2

[Event "HB Global Chess Challenge"]
[Site "?"]
[Date "2005.05.20"]
[Round "4.2"]
[White "Georgiev Vladimir"]
[Black "Ehlvest Jaan"]
[Result "0-1"]
[WhiteElo "2635"]
[BlackElo "2693"]
[PlyCount "46"]
[EventDate "2005.??.??"]
[Source "www.chesslib.no"]
[SourceDate "2004.05.04"]

1. d4 e6 2. Nf3 c5 3. e3 Nf6 4. c4 cxd4 5. exd4 d5 6. Nc3 Bb4 7. cxd5 Nxd5 8. Bd2 Nc6 9. Bd3 Be7 10. O-O O-O 11. Qe2 Bf6 12. Qe4 g6 13. Rad1 Bg7 14. Bg5 Qa5 15. Qh4 Nxc3 16. bxc3 Qxc3 17. Bh6 f6 18. Rfe1 Re8 19. Be4 Ne7 20. d5 Bd7 21. Bxg7 Kxg7 22. dxe6 Bc6 23. Nd4 Rad8 0-1

[Event "2. Samba Cup"]
[Site "?"]
[Date "2005.10.15"]
[Round "2"]
[White "Nisipeanu Liviu-Dieter"]
[Black "Jobava Baadur"]
[Result "0-1"]
[WhiteElo "2707"]
[BlackElo "2601"]
[PlyCount "76"]
[EventDate "2005.??.??"]
[Source "www.chesslib.no"]
[SourceDate "2004.05.04"]

1. e4 c6 2. d4 d5 3. exd5 cxd5 4. c4 Nf6 5. Nc3 e6 6. Nf3 Bb4 7. cxd5 Nxd5 8. Qc2 Nc6 9. Be2 Nce7 10. O-O Bd7 11. a3 Bd6 12. Ne4 Bc6 13. Nxd6+ Qxd6 14. Ne5 O-O 15. Bd3 Nf6 16. Be3 Rac8 17. Qc5 Qd5 18. f3 Ng6 19. Rac1 Nxe5 20. dxe5 Qxd3 21. exf6 gxf6 22. Qxa7 Rfd8 23. Bf2 Qg6 24. Bg3 Rd2 25. Rf2 Rcd8 26. Qe3 R2d3 27. Qe2 h5 28. Re1 R8d4 29. Bc7 Bb5 30. Bb6 Rd6 31. Ba5 R6d5 32. Qc2 Bc6 33. Bc3 f5 34. Kh1 f4 35. Rg1 h4 36. h3 e5 37. Re2 Qe6 38. Rxe5 Rxc3 0-1

[Event "Elenite"]
[Site "?"]
[Date "1995.??.??"]
[Round "?"]
[White "Topalov, Veselin"]
[Black "Gulko, B."]
[Result "1/2-1/2"]
[WhiteElo "2670"]
[BlackElo "2620"]
[PlyCount "83"]
[EventDate "1995.??.??"]
[Source "ChessBase"]
[SourceDate "1995.10.01"]

1. e4 c6 2. d4 d5 3. exd5 cxd5 4. c4 Nf6 5. Nc3 Nc6 6. Bg5 e6 7. c5 Bd7 8. Bb5 b6 9. Bxc6 Bxc6 10. b4 bxc5 11. bxc5 Qa5 12. Bd2 Qa6 13. Nf3 Nd7 14. Qe2 Qxe2+ 15. Kxe2 Be7 16. Be3 f6 17. Ne1 O-O 18. Nd3 Rab8 19. Rab1 a5 20. f4 g5 21. fxg5 fxg5 22. Rxb8 Rxb8 23. Rf1 Bf6 24. g4 Kg7 25. h3 Re8 26. Kd1 Kg6 27. Ke1 h5 28. gxh5+ Kxh5 29. Kd2 Kg6 30. Rg1 Rh8 31. Rg3 Rh4 32. Nf4+ Kf5 33. Ng2 Rxd4+ 34. Bxd4 Bxd4 35. h4 gxh4 36. Nxh4+ Kf6 37. Rg8 Nxc5 38. Nf3 Bxc3+ 39. Kxc3 e5 40. Rc8 Ne4+ 41. Kb2 Bd7 42. Ra8 1/2-1/2

[Event "Hoogovens"]
[Site "Wijk aan Zee"]
[Date "1998.01.27"]
[Round "10"]
[White "Gelfand, Boris"]
[Black "Van Wely, Loek"]
[Result "1/2-1/2"]
[WhiteElo "2675"]
[BlackElo "2605"]
[PlyCount "74"]
[EventDate "1998.01.16"]
[Source "ChessBase"]
[SourceDate "1998.04.09"]

1. Nf3 Nf6 2. c4 e6 3. Nc3 d5 4. d4 c5 5. cxd5 Nxd5 6. e3 cxd4 7. exd4 Bb4 8. Bd2 O-O 9. Bd3 Nc6 10. O-O Be7 11. a3 Bf6 12. Be3 g6 13. Rc1 Nxc3 14. bxc3 b6 15. Bh6 Bg7 16. Bg5 Qc7 17. c4 Bb7 18. d5 Ne5 19. Be4 Qd6 20. Bf4 exd5 21. Bxd5 Bxd5 22. Bxe5 Bxe5 23. Nxe5 Qxe5 24. Qxd5 Qxd5 25. cxd5 Rfd8 26. Rfd1 Rac8 27. Rxc8 Rxc8 28. g3 Kf8 29. d6 Rd8 30. g4 g5 31. Kg2 Kg7 32. Rd5 Kf6 33. Rf5+ Kg6 34. Rd5 h6 35. f4 gxf4 36. Kf3 Kf6 37. Kxf4 Ke6 1/2-1/2

[Event "LXVI Campionato georgiano"]
[Site "Tbilisi GEO"]
[Date "2007.03.15"]
[Round "2"]
[White "Gelashvili, T."]
[Black "Jobava, Ba"]
[Result "0-1"]
[WhiteElo "2612"]
[BlackElo "2650"]
[PlyCount "84"]
[EventDate "2007.03.14"]
[Source "www.chesslib.no"]
[SourceDate "2004.05.04"]

1. e4 c6 2. d4 d5 3. exd5 cxd5 4. c4 Nf6 5. Nc3 e6 6. Nf3 Bb4 7. cxd5 Nxd5 8. Bd2 Nc6 9. Bd3 Be7 10. O-O O-O 11. Re1 Ndb4 12. Be4 Nxd4 13. Nxd4 Qxd4 14. Qe2 f5 15. Be3 Qe5 16. f4 Qa5 17. Bf3 Bc5 18. Bxc5 Qxc5+ 19. Kh1 a6 20. Rac1 Qd4 21. Qe3 Qxe3 22. Rxe3 Rd8 23. Na4 Nxa2 24. Rc7 Rd6 25. h4 Rb8 26. Nc5 Nb4 27. Rb3 a5 28. h5 b6 29. Bb7 Bxb7 30. Rg3 g6 31. Nxb7 Rd1+ 32. Kh2 Nd5 33. Rd7 Ne3 34. Rxd1 Nxd1 35. Nd6 Nxb2 36. hxg6 a4 37. gxh7+ Kxh7 38. Re3 Ra8 39. Rxe6 a3 40. Re7+ Kg8 41. g4 a2 42. gxf5 Nc4 0-1

[Event "Keres mem"]
[Site "Tallinn/ Parnu"]
[Date "1998.06.29"]
[Round "9"]
[White "Oll, Lembit"]
[Black "Adianto, Utut"]
[Result "1/2-1/2"]
[WhiteElo "2645"]
[BlackElo "2615"]
[PlyCount "50"]
[EventDate "1998.06.19"]
[Source "ChessBase"]
[SourceDate "1998.09.30"]

1. e4 c6 2. d4 d5 3. exd5 cxd5 4. c4 Nf6 5. Nc3 e6 6. Nf3 Bb4 7. cxd5 Nxd5 8. Qc2 Nc6 9. Be2 O-O 10. O-O Be7 11. Rd1 Bf6 12. Ne4 h6 13. Bc4 Bd7 14. Qe2 Rc8 15. b3 Rc7 16. Bb2 Be7 17. Rac1 Ncb4 18. a3 Nf4 19. Qd2 Nbd5 20. Ne5 Bg5 21. Nxg5 Qxg5 22. Bxd5 exd5 23. g3 Rxc1 24. Bxc1 Nh3+ 25. Kg2 Be6 1/2-1/2

[Event "IV Campionato UE"]
[Site "Liverpool ING"]
[Date "2008.09.18"]
[Round "10"]
[White "Bacrot, E."]
[Black "David, Alb"]
[Result "1/2-1/2"]
[WhiteElo "2691"]
[BlackElo "2568"]
[PlyCount "44"]
[EventDate "2008.09.09"]
[Source "www.chesslib.no"]
[SourceDate "2004.05.04"]

1. e4 c6 2. d4 d5 3. exd5 cxd5 4. c4 Nf6 5. Nc3 e6 6. Nf3 Bb4 7. cxd5 Nxd5 8. Qc2 Nc6 9. Bd3 h6 10. a3 Bd6 11. Qe2 O-O 12. O-O Bd7 13. Bc2 Nce7 14. Qd3 Ng6 15. Nxd5 exd5 16. Ne5 Bxe5 17. dxe5 Rc8 18. Be3 a6 19. Rfd1 Bb5 20. Qf5 Bd7 21. Qd3 Bb5 22. Qf5 Bd7 1/2-1/2

[Event "Baden_Baden"]
[Site "?"]
[Date "1992.??.??"]
[Round "?"]
[White "Wahls, M."]
[Black "Karpov, An"]
[Result "0-1"]
[WhiteElo "2540"]
[BlackElo "2715"]
[PlyCount "74"]
[EventDate "1992.??.??"]
[Source "ChessBase"]
[SourceDate "1992.10.01"]

1. e4 c6 2. d4 d5 3. exd5 cxd5 4. c4 Nf6 5. Nc3 e6 6. Nf3 Bb4 7. cxd5 Nxd5 8. Bd2 Nc6 9. Bd3 O-O 10. O-O Be7 11. a3 Bf6 12. Qe2 Nxc3 13. bxc3 g6 14. Be4 Bd7 15. Rab1 b6 16. Ne5 Rc8 17. f4 Bg7 18. Rbe1 Rc7 19. Rf3 Na5 20. g4 Re8 21. Bb1 Bc8 22. g5 Bb7 23. Rg3 Qd5 24. Kf2 Rec8 25. h4 Nc4 26. Ba2 Ba6 27. Bxc4 Bxc4 28. Qe3 Ba6 29. h5 Qa2 30. Kg1 gxh5 31. Rh3 Bb7 32. Qe2 Qd5 33. Kh2 b5 34. Rg1 Qa2 35. Rc1 Be4 36. Re3 Bf5 37. Be1 Qxa3 0-1

[Event "Framingham, MA"]
[Site "?"]
[Date "2001.01.27"]
[Round "3"]
[White "Christiansen Larry"]
[Black "Stripunsky Alexander"]
[Result "1/2-1/2"]
[WhiteElo "2665"]
[BlackElo "2586"]
[PlyCount "95"]
[EventDate "2001.??.??"]
[Source "www.chesslib.no"]
[SourceDate "2004.05.04"]

1. c4 c6 2. e4 d5 3. exd5 cxd5 4. d4 e6 5. Nc3 Nf6 6. Nf3 Bb4 7. cxd5 Nxd5 8. Qc2 Qc7 9. Bd2 Be7 10. Rc1 Bd7 11. Nxd5 Qxc2 12. Nc7+ Qxc7 13. Rxc7 b6 14. Ne5 Bd6 15. Rc1 a6 16. Be2 Ra7 17. O-O O-O 18. Nxd7 Rxd7 19. Be3 b5 20. Bf3 h6 21. Rfd1 Be7 22. g3 Bg5 23. Bxg5 hxg5 24. d5 exd5 25. Rxd5 Rxd5 26. Bxd5 Rd8 27. Bb3 Nd7 28. Rd1 Kf8 29. Rd6 Ke8 30. Kg2 g4 31. h3 gxh3+ 32. Kxh3 f6 33. Rc6 Nb8 34. Rb6 Nd7 35. Rb7 Rb8 36. Ra7 Rb6 37. Bc2 g5 38. Kg4 Rd6 39. f4 gxf4 40. gxf4 Kd8 41. Bf5 Nc5 42. b4 Na4 43. Bc2 Nc3 44. Bb3 Ne2 45. Kf5 Rd4 46. Kxf6 Nxf4 47. Ke5 Rxb4 48. Rxa6 1/2-1/2

[Event "Linares 74/129"]
[Site "?"]
[Date "1999.??.??"]
[Round "?"]
[White "Bologan, Viktor"]
[Black "Dreev, Alexey"]
[Result "0-1"]
[WhiteElo "2608"]
[BlackElo "2639"]
[PlyCount "82"]
[Source "ChessBase"]
[SourceDate "1998.10.01"]

1. e4 c6 2. d4 d5 3. exd5 cxd5 4. c4 Nf6 5. Nc3 e6 6. cxd5 exd5 7. Bb5+ Bd7 8. Qb3 Qa5 9. Bd2 Bb4 10. Bd3 Nc6 11. Nge2 O-O 12. O-O Rfe8 13. a3 Bxc3 14. bxc3 Qc7 15. Bg5 Na5 16. Qc2 Ne4 17. Bf4 Qc6 18. f3 h6 19. Be5 Nd6 20. Ng3 Ndc4 21. Bf4 Ne3 22. Bxe3 Rxe3 23. Rae1 Rae8 24. Rxe3 Rxe3 25. Rc1 Qa4 26. Kf2 Re6 27. Qxa4 Bxa4 28. Nf5 Kf8 29. h4 Rb6 30. Rb1 Rc6 31. Bb5 Bc2 32. Rb4 Rxc3 33. Ne3 Bb3 34. Be2 b6 35. f4 Nc6 36. Rb5 Nxd4 37. Rb4 Nxe2 38. Kxe2 Bc4+ 39. Kf2 Rxa3 40. Nxc4 dxc4 41. Rxc4 h5 0-1

[Event "13th HIT Open A"]
[Site "Nova Gorica SLO"]
[Date "2008.02.01"]
[Round "9"]
[White "Pavasovic, D."]
[Black "Predojevic, B."]
[Result "1/2-1/2"]
[WhiteElo "2601"]
[BlackElo "2641"]
[PlyCount "27"]
[EventDate "2008.01.26"]
[Source "www.chesslib.no"]
[SourceDate "2004.05.04"]

1. e4 c6 2. d4 d5 3. exd5 cxd5 4. c4 Nf6 5. Nc3 e6 6. Nf3 Bb4 7. cxd5 Nxd5 8. Bd2 Nc6 9. Bd3 Be7 10. O-O O-O 11. Qe2 Nf6 12. Ne4 Qb6 13. a3 Rd8 14. Be3 1/2-1/2

[Event "Campionato europeo 2007"]
[Site "Dresda GER"]
[Date "2007.04.13"]
[Round "10.15"]
[White "Naiditsch, Arkadij"]
[Black "Minasian, Artashes"]
[Result "1-0"]
[WhiteElo "2654"]
[BlackElo "2586"]
[PlyCount "83"]
[EventDate "2007.04.03"]
[Source "www.chesslib.no"]
[SourceDate "2004.05.04"]

1. e4 c6 2. d4 d5 3. exd5 cxd5 4. c4 Nf6 5. Nc3 e6 6. Nf3 Bb4 7. cxd5 exd5 8. Bd3 O-O 9. O-O Nc6 10. h3 Re8 11. Bg5 Be7 12. Re1 Be6 13. a3 Rc8 14. Rc1 Na5 15. Ne5 Nc4 16. Nxd5 Nxb2 17. Rxc8 Nxd1 18. Rxd8 Bxd8 19. Bxf6 gxf6 20. Bb5 Rf8 21. Nd7 Bxd7 22. Bxd7 Nb2 23. Bb5 a6 24. Rb1 axb5 25. Rxb2 Re8 26. Rxb5 Re1+ 27. Kh2 Rd1 28. Rxb7 Rxd4 29. Rd7 Bc7+ 30. g3 Kf8 31. Rxc7 Rxd5 32. a4 Rd2 33. Kg2 Ra2 34. Rc4 Ra3 35. Rf4 Ra1 36. Kf3 Kg7 37. Ke3 Rd1 38. Rd4 Ra1 39. Rg4+ Kh6 40. Rf4 Kg5 41. Kd2 f5 42. Kc3 1-0

[Event "Bundesliga 9900"]
[Site "Germany"]
[Date "2000.03.12"]
[Round "12.2"]
[White "Kindermann, Stefan"]
[Black "Bareev, Evgeny"]
[Result "1/2-1/2"]
[WhiteElo "2528"]
[BlackElo "2709"]
[PlyCount "53"]
[EventDate "1999.10.??"]
[Source "ChessBase"]
[SourceDate "2000.05.31"]

1. e4 c6 2. d4 d5 3. exd5 cxd5 4. c4 Nf6 5. Nc3 e6 6. Nf3 Bb4 7. cxd5 Nxd5 8. Qc2 Nc6 9. Be2 O-O 10. O-O Re8 11. Rd1 Bf8 12. Qe4 Bd7 13. Bg5 Be7 14. Bd2 f5 15. Qc2 Bf6 16. Nxd5 exd5 17. Bc3 Qb6 18. Bd3 g6 19. Qd2 Nxd4 20. Nxd4 Bxd4 21. Bc4 Bxc3 22. Bxd5+ Be6 23. bxc3 Bxd5 24. Qxd5+ Kf8 25. Rdb1 Qc6 26. Qxc6 bxc6 27. Rb7 1/2-1/2

[Event "Moscow ol (Men)"]
[Site "Moscow"]
[Date "1994.??.??"]
[Round "13"]
[White "Topalov, Veselin"]
[Black "Gulko, Boris F"]
[Result "1/2-1/2"]
[WhiteElo "2645"]
[BlackElo "2590"]
[PlyCount "48"]
[EventDate "1994.11.??"]
[Source "ChessBase"]

1. e4 c6 2. d4 d5 3. exd5 cxd5 4. c4 Nf6 5. Nc3 e6 6. Nf3 Bb4 7. cxd5 Nxd5 8. Qc2 Nc6 9. a3 Be7 10. Bd3 Bf6 11. O-O Nde7 12. Be3 h6 13. Rad1 O-O 14. Qd2 Bd7 15. Bb1 Rc8 16. Qd3 Ng6 17. Ne4 Be7 18. b4 a6 19. Nc5 Qc7 20. g3 Rfd8 21. Bf4 Qb6 22. h4 Be8 23. h5 Nf8 24. Ba2 Bf6 1/2-1/2

[Event "Novosibirsk"]
[Site "Novosibirsk"]
[Date "1993.??.??"]
[Round "2"]
[White "Dolmatov, Sergey"]
[Black "Vyzmanavin, Alexey"]
[Result "1/2-1/2"]
[WhiteElo "2615"]
[BlackElo "2620"]
[PlyCount "45"]
[EventDate "1993.06.??"]
[Source "ChessBase"]

1. e4 c6 2. d4 d5 3. exd5 cxd5 4. c4 Nf6 5. Nc3 e6 6. Nf3 Nc6 7. c5 Ne4 8. Bd3 Nxc3 9. bxc3 e5 10. Nxe5 Nxe5 11. dxe5 Bxc5 12. Qh5 g6 13. Qh6 Bf8 14. Qf4 Bc5 15. Bb5+ Bd7 16. Bxd7+ Qxd7 17. Qf6 Rg8 18. Rb1 Qe7 19. Bg5 Qxf6 20. Bxf6 b6 21. Rd1 Be7 22. Rxd5 Rd8 23. Rd2 1/2-1/2

[Event "Aubervilliers"]
[Site "?"]
[Date "2003.01.27"]
[Round "9"]
[White "Kazhgaleyev Murtas"]
[Black "Bologan Viktor"]
[Result "0-1"]
[WhiteElo "2604"]
[BlackElo "2630"]
[PlyCount "78"]
[EventDate "2003.??.??"]
[Source "www.chesslib.no"]
[SourceDate "2004.05.04"]

1. e4 c6 2. c4 d5 3. cxd5 cxd5 4. exd5 Nf6 5. Nc3 Nxd5 6. Nf3 e6 7. d4 Nc6 8. Bd3 Bb4 9. Bd2 Be7 10. a3 O-O 11. O-O Bf6 12. Be3 Nxe3 13. fxe3 g6 14. Qe2 Bg7 15. Rac1 Bd7 16. b4 Rc8 17. Ne4 Rc7 18. Nc5 Bc8 19. Be4 Qd6 20. Rfd1 Ne7 21. Bb1 b6 22. Ne4 Qd8 23. Ne5 Bb7 24. Qf2 Nd5 25. b5 f5 26. Nd2 Nc3 27. Rf1 Bxe5 28. dxe5 Qd5 29. a4 Qxe5 30. e4 Nxb1 31. Rxb1 Rc2 32. Qe3 Rd8 33. Nf3 Qxe4 34. Qg5 Rf8 35. Qe7 Rxg2+ 36. Kxg2 Qg4+ 37. Kf2 Qxf3+ 38. Ke1 Qe3+ 39. Kd1 Qd3+ 0-1

[Event "LXI Lega superiore camp. russo"]
[Site "Novokuznetsk RUS"]
[Date "2008.09.14"]
[Round "11"]
[White "Kobalia, M."]
[Black "Galkin, A."]
[Result "1/2-1/2"]
[WhiteElo "2618"]
[BlackElo "2615"]
[PlyCount "57"]
[EventDate "2008.09.03"]
[Source "www.chesslib.no"]
[SourceDate "2004.05.04"]

1. e4 c6 2. d4 d5 3. exd5 cxd5 4. c4 Nf6 5. Nc3 Nc6 6. Bg5 e6 7. Nf3 Be7 8. Rc1 O-O 9. c5 Ne4 10. Bxe7 Qxe7 11. Bb5 Nxc3 12. Rxc3 e5 13. dxe5 Nxe5 14. O-O Nxf3+ 15. Qxf3 d4 16. Rcc1 Be6 17. Qe4 Rfd8 18. Bc4 Rac8 19. b4 Qd7 20. Bxe6 Qxe6 21. Qxe6 fxe6 22. Rfe1 Kf7 23. Re4 d3 24. Kf1 b6 25. Rec4 Rd5 26. Rd1 Ke7 27. Rc3 bxc5 28. bxc5 Rcxc5 29. Rdxd3 1/2-1/2

[Event "60th ch-RUS Higher League"]
[Site "Krasnoyarsk RUS"]
[Date "2007.09.05"]
[Round "3"]
[White "Timofeev, Arty"]
[Black "Lastin, A."]
[Result "1/2-1/2"]
[WhiteElo "2650"]
[BlackElo "2583"]
[PlyCount "93"]
[EventDate "2007.09.03"]
[Source "www.chesslib.no"]
[SourceDate "2004.05.04"]

1. e4 c6 2. d4 d5 3. exd5 cxd5 4. c4 Nf6 5. Nc3 e6 6. Nf3 Bb4 7. cxd5 Nxd5 8. Qc2 Nc6 9. Be2 Nce7 10. O-O Bd7 11. a3 Bd6 12. Ne4 Bc6 13. Ne5 O-O 14. Bd3 h6 15. b4 Rc8 16. Qb3 Bb8 17. b5 Be8 18. Re1 f6 19. Nc4 Bf7 20. a4 Nf5 21. Bb2 b6 22. Rad1 Qd7 23. g3 Rfd8 24. Bf1 Nd6 25. Ba3 Nxc4 26. Bxc4 Qb7 27. Rc1 Rd7 28. Qf3 Rcd8 29. Bf1 e5 30. Rc6 Ne7 31. dxe5 Bxe5 32. Rcc1 Kh8 33. Nd2 Bd5 34. Qh5 Bd4 35. Nc4 Bf3 36. Qf7 Bd5 37. Qh5 Bf3 38. Qh3 Ng6 39. Qf5 Ne5 40. Nxe5 fxe5 41. Qc2 e4 42. Qb3 Rf7 43. Rc2 Rc7 44. Rd2 Rcd7 45. Rc2 Rd5 46. Bc4 Re5 47. Rd2 1/2-1/2

[Event "Eu Team Ch"]
[Site "?"]
[Date "1999.11.30"]
[Round "2"]
[White "Huebner Robert"]
[Black "Hracek Zbynek"]
[Result "1/2-1/2"]
[WhiteElo "2599"]
[BlackElo "2629"]
[PlyCount "55"]
[EventDate "1999.??.??"]
[Source "www.chesslib.no"]
[SourceDate "2004.05.04"]

1. d4 Nf6 2. c4 e6 3. Nf3 c5 4. e3 cxd4 5. exd4 d5 6. Nc3 Bb4 7. cxd5 Nxd5 8. Qc2 Nc6 9. Bd3 Ba5 10. Be4 Nxd4 11. Nxd4 Nxc3 12. bxc3 Qxd4 13. O-O Qxc3 14. Qb1 f5 15. Qb5+ Kf7 16. Bf3 Qc7 17. Bb2 Bd7 18. Qe2 Rhe8 19. Be5 Qc5 20. Rab1 Bb6 21. Bxb7 Rad8 22. Qh5+ Kg8 23. Bxg7 Kxg7 24. Qg5+ Kf7 25. Qh5+ Kg7 26. Qg5+ Kf7 27. Qh5+ Ke7 28. Qh6 1/2-1/2

[Event "LXVI Campionato georgiano"]
[Site "Tbilisi GEO"]
[Date "2007.03.23"]
[Round "9"]
[White "Gelashvili, T."]
[Black "Pantsulaia, L."]
[Result "1/2-1/2"]
[WhiteElo "2612"]
[BlackElo "2612"]
[PlyCount "175"]
[EventDate "2007.03.14"]
[Source "www.chesslib.no"]
[SourceDate "2004.05.04"]

1. Nf3 Nf6 2. e3 c5 3. d4 cxd4 4. exd4 d5 5. c4 e6 6. Nc3 Bb4 7. cxd5 Nxd5 8. Bd2 Nc6 9. Bd3 O-O 10. O-O Be7 11. Re1 Nf6 12. Bg5 Bd7 13. a3 Nd5 14. h4 Nxc3 15. bxc3 g6 16. Qd2 Bxg5 17. Nxg5 Qf6 18. h5 Qg7 19. hxg6 hxg6 20. Qf4 Rae8 21. Ne4 f6 22. Nc5 Bc8 23. Re3 g5 24. Qd6 Nd8 25. Bc4 Qe7 26. Qxe7 Rxe7 27. d5 Rc7 28. dxe6 Rxc5 29. e7+ Rxc4 30. e8=Q Rxe8 31. Rxe8+ Kf7 32. Rxd8 Rxc3 33. Re1 Be6 34. Re3 Rc7 35. Rd6 Bd7 36. Kh2 a6 37. Rf3 Be6 38. Rb6 Rd7 39. a4 Rc7 40. a5 Rd7 41. Kg3 Rc7 42. Re3 Bd5 43. Rd6 Rc5 44. Rd7+ Kg6 45. Ra3 Bc6 46. Re7 Rb5 47. f3 Rc5 48. Kf2 Rc2+ 49. Re2 Rc5 50. Ke3 Re5+ 51. Kd2 Rd5+ 52. Kc3 Rc5+ 53. Kd4 Rd5+ 54. Kc4 Kf5 55. g3 Rb5 56. Rd2 Re5 57. Rd8 Bb5+ 58. Kd4 Bc6 59. Rf8 Rd5+ 60. Ke3 Re5+ 61. Kf2 Kg6 62. g4 Kg7 63. Rc8 f5 64. Rd3 fxg4 65. Rc7+ Kf6 66. Rd6+ Re6 67. Rxe6+ Kxe6 68. fxg4 Kf6 69. Ke3 Bd5 70. Rd7 Ke5 71. Rg7 Kf6 72. Rh7 Ke5 73. Rh5 Kf6 74. Rh6+ Kf7 75. Rb6 Bc6 76. Kd4 Ke6 77. Kc5 Ke5 78. Rb4 Bf3 79. Kb6 Kd6 80. Ka7 Kc5 81. Rb2 Kc4 82. Kb6 Bxg4 83. Kxb7 Bf3+ 84. Kxa6 g4 85. Rf2 Kd3 86. Kb6 Ke3 87. Rxf3+ gxf3 88. a6 1/2-1/2

[Event "05.OIBayEM Bad Wiessee op"]
[Site "?"]
[Date "2001.11.01"]
[Round "6"]
[White "Sturua Zurab"]
[Black "Dautov Rustem"]
[Result "1/2-1/2"]
[WhiteElo "2591"]
[BlackElo "2630"]
[PlyCount "60"]
[EventDate "2001.??.??"]
[Source "www.chesslib.no"]
[SourceDate "2004.05.04"]

1. e4 c6 2. d4 d5 3. exd5 cxd5 4. c4 Nf6 5. Nc3 e6 6. Nf3 Bb4 7. cxd5 Nxd5 8. Bd2 O-O 9. Bd3 Nc6 10. O-O Be7 11. Qe2 Nf6 12. Ne4 Qb6 13. a3 Bd7 14. Rfd1 Rfd8 15. Be3 Nd5 16. Nc3 Nxe3 17. fxe3 Be8 18. Rac1 Rac8 19. b4 Nb8 20. Ne5 Nd7 21. Nc4 Qc7 22. Rc2 Qb8 23. Rdc1 Nf6 24. Ne5 Bd6 25. Nf3 Bc6 26. Nb5 Bxb5 27. Bxb5 Rxc2 28. Rxc2 Rc8 29. h3 h6 30. Bd3 Rxc2 1/2-1/2

[Event "Deutschland 75/113"]
[Site "?"]
[Date "1999.??.??"]
[Round "?"]
[White "Aleksandrov, Aleksej"]
[Black "Dautov, Rustem"]
[Result "0-1"]
[WhiteElo "2595"]
[BlackElo "2625"]
[PlyCount "84"]
[EventDate "1998.??.??"]
[Source "ChessBase"]
[SourceDate "1999.02.01"]

1. e4 c6 2. d4 d5 3. exd5 cxd5 4. c4 Nf6 5. Nc3 e6 6. Nf3 Bb4 7. cxd5 Nxd5 8. Qc2 Nc6 9. Bd3 Ba5 10. a3 Nxc3 11. bxc3 Nxd4 12. Nxd4 Qxd4 13. Bb5+ Bd7 14. O-O Qd5 15. c4 Qf5 16. Bxd7+ Kxd7 17. Qb3 b6 18. Rd1+ Ke7 19. a4 Rhd8 20. Ba3+ Kf6 21. Bd6 g5 22. Rd3 Kg7 23. Rad1 Rac8 24. h4 g4 25. f3 h5 26. fxg4 hxg4 27. Rf1 Qg6 28. Qd1 Kg8 29. Rd4 f5 30. Rff4 Bc3 31. Rd3 Bg7 32. Rf2 Rxc4 33. Rfd2 Bh6 34. Be5 Rxd3 35. Rxd3 Rc1 36. Rd8+ Kf7 37. Rd7+ Kf8 38. Rd8+ Qe8 39. Rxe8+ Kxe8 40. Qxc1 Bxc1 41. g3 a6 42. Kf2 Kf7 0-1

[Event "Europa ch 2008"]
[Site "Plovdiv BUL"]
[Date "2008.04.27"]
[Round "7.23"]
[White "Andreikin, Dmitry"]
[Black "Riazantsev, Alexander"]
[Result "1-0"]
[WhiteElo "2580"]
[BlackElo "2638"]
[PlyCount "70"]
[EventDate "2008.04.21"]
[Source "www.chesslib.no"]
[SourceDate "2004.05.04"]

1. e4 c6 2. d4 d5 3. exd5 cxd5 4. c4 Nf6 5. Nc3 e6 6. Nf3 Bb4 7. cxd5 Nxd5 8. Qc2 Nc6 9. Bc4 O-O 10. O-O Nce7 11. Nxd5 Nxd5 12. Qe4 Be7 13. Bd3 Nf6 14. Qh4 Bd7 15. Ne5 Bc6 16. Re1 g6 17. Bh6 Re8 18. Qf4 Bd6 19. Rad1 Bxe5 20. dxe5 Nh5 21. Qg4 Qa5 22. b4 Qxa2 23. Qg5 Rec8 24. Re3 Rd8 25. Qxh5 gxh5 26. Rg3+ Kh8 27. Bg5 Kg7 28. Bxd8+ Kf8 29. Bf6 h4 30. Rg7 Qb3 31. Rd2 Qc3 32. Rxh7 Ke8 33. Rd1 Qd4 34. Rh8+ Kd7 35. Rxa8 Bd5 1-0